[Event "8th Tal Memorial"]
[Site "Moscow RUS"]
[Date "2013.06.19"]
[Round "6.1"]
[White "Morozevich,A"]
[Black "Karjakin,Sergey"]
[Result "1/2-1/2"]
[WhiteElo "2760"]
[BlackElo "2782"]

1.d4 Nf6 2.c4 e6 3.Nc3 Bb4 4.Qc2 d5 5.cxd5 Qxd5 6.Nf3 Qf5 7.Qb3 Nc6 8.Bd2 O-O
9.h3 a5 10.g4 Qg6 11.a3 a4 12.Qc4 Bxc3 13.Bxc3 Nd5 14.Bd2 Bd7 15.Bg2 Qe4
16.Rc1 Rfc8 17.Rg1 f6 18.g5 Rf8 19.gxf6 Rxf6 20.Bg5 Rf7 21.Ne5 Nxe5 22.Bxe4 Nxc4
23.Rxc4 Bb5 24.Rc2 c6 25.Bh4 Nf4 26.Rg4 Raf8 27.Bg3 g6 28.Bxf4 Rxf4 29.f3 Kg7
30.Rc5 R4f6 31.Kf2 Kf7 32.Rh4 Kg7 33.Ke3 Rd8 34.Rg4 Kf7 35.h4 Rf8 36.Rgg5 Rh8
37.Rge5 Ke7 38.Rg5 Kd6 39.h5 b6 40.Rc1 gxh5 41.Rxh5 h6 42.Rg1 Bc4 43.Rg7 Rb8
44.Bc2 b5 45.Kd2 Rd8 46.Rh7 Rg8 47.R5xh6 Rxh6 48.Rxh6 Rg2 49.Bd1 Kd5 50.Ke3 Kd6
51.Rh1 Ke7 52.Rf1 Rh2 53.Rf2 Rh4 54.Bc2 Rh1 55.Kd2 Kd6 56.f4 Rh3 57.e3 Rh1
58.f5 exf5 59.Bxf5 c5 60.dxc5+ Kxc5 61.Bc2 Be6 62.Bd1 Rh4 63.Rf6 Bd5 64.Rf5 Rh2+
65.Kc3 Rh3 66.Kd3 Kd6 67.Rh5 Rg3 68.Kd4 Bc4 69.Bxa4 Rg4+ 70.e4 bxa4 71.Kxc4 Rxe4+
72.Kd3 Re8 73.Rb5 Rc8 74.Kd4 Rc6 75.Rb4 Ra6 76.Kc4 Kc6 77.Rb5 Ra8 78.Kb4 Kd6
79.Rb6+ Kc7 80.Kb5 Kd7 81.Rb7+ Kd6 82.Kb6 Rh8 83.Ka7 Kc6 84.Rb4 Rh7+ 85.Ka6 Rh8
86.Rc4+ Kd5 87.Rc7 Kd6 88.Kb7 Rh2 89.Rc6+ Kd5 90.Rb6 Kc5 91.Rb4 Rh7+ 92.Ka6 Rh8
93.Rb5+ Kc4 94.Rb7 Ra8+ 95.Kb6 Kb3 96.Kc5+ Ka2 97.Rb4 Ra5+ 98.Kc4 Rh5 99.Rxa4 Kxb2
100.Ra8 Rh4+  1/2-1/2

[Event "8th Tal Memorial"]
[Site "Moscow RUS"]
[Date "2013.06.21"]
[Round "7.1"]
[White "Carlsen,M"]
[Black "Morozevich,A"]
[Result "1/2-1/2"]
[WhiteElo "2864"]
[BlackElo "2760"]

1.e4 c6 2.d4 d5 3.Nc3 dxe4 4.Nxe4 Nd7 5.c3 Ngf6 6.Nxf6+ Nxf6 7.Bd3 Qd5 8.f3 Bf5
9.Ne2 Bxd3 10.Nf4 Qg5 11.Qxd3 Nd5 12.g3 e6 13.Qe2 Nxf4 14.Bxf4 Qd5 15.Be5 f6
16.Bf4 O-O-O 17.O-O Bd6 18.Be3 e5 19.dxe5 Qxe5 20.Qf2 a6 21.Rfe1 Qf5 22.Bb6 Bc7
23.Bxc7 Kxc7 24.Re7+ Rd7 25.Rae1 Rd8 26.Kg2 Qd5 27.a3 Rxe7 28.Rxe7+ Rd7 29.Rxd7+ Kxd7
30.Qc2 g6 31.Qc1 Qd3 32.Kf2 Ke6 33.Qe3+ Qxe3+ 34.Kxe3 Kd5 35.b3 c5 36.c4+ Ke5
37.f4+ Ke6 38.g4 f5 39.g5 a5 40.a4 b6 41.h4 Kd6 42.Kf2 Ke6 43.Kf3 Ke7 44.Kg3 Kf7
45.Kh3 Ke6 46.h5 Kf7 47.h6  1/2-1/2

[Event "8th Tal Memorial"]
[Site "Moscow RUS"]
[Date "2013.06.22"]
[Round "8.1"]
[White "Morozevich,A"]
[Black "Caruana,F"]
[Result "0-1"]
[WhiteElo "2760"]
[BlackElo "2774"]

1.e4 e5 2.Nf3 Nc6 3.Nc3 Nf6 4.d4 exd4 5.Nxd4 Bb4 6.Nxc6 bxc6 7.Bd3 d5 8.exd5 cxd5
9.O-O O-O 10.h3 c6 11.Qf3 Re8 12.Bg5 h6 13.Bxf6 Qxf6 14.Qxf6 gxf6 15.Ne2 Bd6
16.Rad1 Be6 17.Ng3 Rab8 18.Nh5 Be5 19.b3 Kf8 20.f4 Bb2 21.Rf3 c5 22.Bh7 Rb6
23.c3 Bc8 24.Rg3 d4 25.cxd4 Bxd4+ 26.Kh2 Bd7 27.Rg8+ Ke7 28.Re1+ Re6 29.Rxe6+ fxe6
30.Rg7+ Kd6 31.Rg6 Rh8 32.Rxh6 Bb5 33.g4 Bd3 34.f5 Be5+ 35.Kg2 Be4+ 36.Kf2 Bd4+
37.Ke2 c4 38.g5 c3 39.Ng3 c2 40.Nxe4+ Ke5  0-1

[Event "FIDE GP Beijing"]
[Site "Beijing CHN"]
[Date "2013.07.04"]
[Round "1.2"]
[White "Morozevich,A"]
[Black "Wang Yue"]
[Result "1/2-1/2"]
[WhiteElo "2736"]
[BlackElo "2705"]

1.e4 c5 2.f4 d5 3.exd5 Qxd5 4.Nc3 Qd8 5.Nf3 Nf6 6.Ne5 e6 7.b3 Bd7 8.Bb2 Nc6
9.Bd3 Bd6 10.Qe2 O-O 11.O-O-O Nb4 12.Kb1 Nfd5 13.Rhf1 Nxd3 14.Qxd3 Bxe5 15.fxe5 Bc6
16.Ne4 Ne7 17.Nd6 Nc8 18.Qc3 Qg5 19.Nc4 Nb6 20.g3 Nxc4 21.Qxc4 Rac8 22.Qe2 b5
23.Rf4 c4 24.Ba3 Rfd8 25.Bd6 f5 26.bxc4 bxc4 27.Qxc4 Qg6 28.Qe2 Qe8 29.Rb4 Bd5
30.Rc1 a5 31.Rb2 Qa4 32.Qe3 h6 33.c3 Qe4+ 34.Qxe4 Bxe4+ 35.Ka1 Bd3 36.Re1 Rd7
37.Re3 Be4 38.Rb3 Rb7 39.Kb2 a4 40.Rb4 Rxb4+ 41.Bxb4 Kf7 42.Ka3 g5 43.c4 Kg6
44.d3 Bc6 45.Bc5 f4 46.gxf4 gxf4 47.Re1 Rd8 48.d4 Kf5 49.d5 exd5 50.e6 dxc4
51.e7 Rd5 52.Kb4 c3 53.Rc1 Rd3 54.Rxc3 Rxc3 55.Kxc3 Kg4 56.Kd2 Kh3 57.Bd6 f3
58.Ke1 Kg2 59.Bc5 Kxh2 60.Kf2  1/2-1/2

[Event "FIDE GP Beijing"]
[Site "Beijing CHN"]
[Date "2013.07.05"]
[Round "2.6"]
[White "Giri,A"]
[Black "Morozevich,A"]
[Result "1/2-1/2"]
[WhiteElo "2734"]
[BlackElo "2736"]

1.e4 e6 2.d4 d5 3.Nc3 Nf6 4.e5 Nfd7 5.f4 c5 6.Nf3 Be7 7.Be3 b6 8.Be2 O-O
9.O-O Nc6 10.Qd2 Bb7 11.Rad1 Rc8 12.Kh1 f6 13.dxc5 Nxc5 14.exf6 Bxf6 15.Nd4 Nxd4
16.Bxd4 Bxd4 17.Qxd4 Qf6 18.Kg1 Qg6 19.Bd3 Qf6 20.Be2 Qg6 21.Bd3 Qf6 22.Be2  1/2-1/2

[Event "FIDE GP Beijing"]
[Site "Beijing CHN"]
[Date "2013.07.06"]
[Round "3.1"]
[White "Morozevich,A"]
[Black "Karjakin,Sergey"]
[Result "0-1"]
[WhiteElo "2736"]
[BlackElo "2776"]

1.Nf3 Nf6 2.c4 b6 3.d4 e6 4.g3 Ba6 5.Qb3 Nc6 6.Nbd2 Na5 7.Qc3 c5 8.dxc5 bxc5
9.e4 Bb7 10.Bd3 Nc6 11.e5 Ng4 12.O-O Qc7 13.Re1 Be7 14.h3 Nh6 15.Nb3 f5 16.Be3 Nd8
17.Be2 a5 18.a4 Nhf7 19.Nfd2 Nxe5 20.Bf4 Qc6 21.f3 Ng6 22.Qxg7 Nf7 23.Bd3 Bf8
24.Qc3 Nxf4 25.Bxf5 Rg8 26.Ne4 O-O-O 27.Bg4 h5 28.gxf4 hxg4 29.hxg4 Qc7 30.Nxa5 Ba8
31.Qd2 Bh6 32.b4 Bxf4 33.Qf2 Bxe4 34.Rxe4 Ng5 35.Qe2 Rh8  0-1

[Event "FIDE GP Beijing"]
[Site "Beijing CHN"]
[Date "2013.07.07"]
[Round "4.6"]
[White "Morozevich,A"]
[Black "Gelfand,B"]
[Result "1-0"]
[WhiteElo "2736"]
[BlackElo "2773"]

1.d4 Nf6 2.c4 g6 3.Nc3 d5 4.Nf3 Bg7 5.Qb3 dxc4 6.Qxc4 O-O 7.e4 Na6 8.Be2 c5
9.d5 e6 10.Bg5 exd5 11.Nxd5 Be6 12.Rd1 Qa5+ 13.Rd2 Bxd5 14.exd5 Rfe8 15.Bxf6 Bxf6
16.O-O Rad8 17.d6 Nb4 18.Qf4 Kg7 19.h4 h5 20.Bc4 Nc6 21.Bxf7 Rf8 22.Bxg6 Be5
23.Qg5 Bf4 24.Qxh5 Bxd2 25.Qh7+ Kf6 26.Bh5 Ke6 27.Qg6+ Kd5 28.Nxd2 Qxd2 29.Rd1 Qd4
30.Rxd4+ cxd4 31.b4 Rxd6 32.Qg7 Rdf6 33.Qxb7 Kc4 34.b5  1-0

[Event "FIDE GP Beijing"]
[Site "Beijing CHN"]
[Date "2013.07.09"]
[Round "5.2"]
[White "Leko,P"]
[Black "Morozevich,A"]
[Result "1/2-1/2"]
[WhiteElo "2737"]
[BlackElo "2736"]

1.e4 c5 2.Nf3 e6 3.d4 cxd4 4.Nxd4 Nc6 5.Nb5 d6 6.Bf4 e5 7.Be3 Be6 8.c4 Be7
9.N1c3 a6 10.Na3 Bg5 11.Nc2 Nh6 12.Bxg5 Qxg5 13.Qd2 Qxd2+ 14.Kxd2 f5 15.Bd3 f4
16.Nd5 Rc8 17.Be2 Ng4 18.f3 Nf6 19.g3 O-O 20.Nb6 Rcd8 21.g4 Ne7 22.Nb4 h5
23.g5 Nd7 24.N6d5 Ng6 25.h4 Rc8 26.Rac1 Kf7 27.b3 Rc5 28.Nd3 Rc6 29.N3b4 Rc5
30.Nd3 Rc6 31.N3b4 Rc5  1/2-1/2

[Event "FIDE GP Beijing"]
[Site "Beijing CHN"]
[Date "2013.07.10"]
[Round "6.5"]
[White "Morozevich,A"]
[Black "Kamsky,G"]
[Result "1-0"]
[WhiteElo "2736"]
[BlackElo "2763"]

1.d4 Nf6 2.c4 g6 3.Nc3 d5 4.Nf3 Bg7 5.Qb3 dxc4 6.Qxc4 O-O 7.e4 Bg4 8.Be3 Nfd7
9.O-O-O c5 10.dxc5 Qa5 11.Kb1 Nc6 12.h3 Be6 13.Nd5 b5 14.Qb3 h6 15.Be2 Rfc8
16.Rc1 Rab8 17.Rhd1 Kh7 18.Ne1 Nde5 19.Bd2 Qd8 20.Bc3 Na5 21.Qb4 Nac6 22.Qb3 Na5
23.Qa3 Nec4 24.Bxc4 Nxc4 25.Qxa7 Qf8 26.Bxg7 Qxg7 27.Rc2 Re8 28.c6 Rbc8 29.Qc5 f5
30.Nf4 Bf7 31.exf5 gxf5 32.b3 Nd6 33.Nf3 Rc7 34.Qe5 Qg8 35.Nd4 Ra7 36.Rd3 Qg7
37.Re3 Rea8 38.c7  1-0

[Event "FIDE GP Beijing"]
[Site "Beijing CHN"]
[Date "2013.07.11"]
[Round "7.3"]
[White "Ivanchuk,V"]
[Black "Morozevich,A"]
[Result "1-0"]
[WhiteElo "2733"]
[BlackElo "2736"]

1.Nf3 d5 2.d4 Bf5 3.c4 e6 4.Nc3 Nf6 5.cxd5 exd5 6.Qb3 Nc6 7.Bg5 Na5 8.Qa4+ c6
9.Bxf6 gxf6 10.e3 Qb6 11.O-O-O O-O-O 12.Bd3 Bg6 13.a3 Kb8 14.Rhe1 Rg8 15.Nh4 Bxd3
16.Rxd3 c5 17.Kb1 Rg4 18.g3 Nc4 19.Qb5 Qe6 20.dxc5 a6 21.Qb3 Bxc5 22.Re2 Rd6
23.Qd1 Rg8 24.Rxd5 Rc8 25.Nf5 Rb6 26.Ka2 Bd6 27.Nd4 Qe7 28.Na4 Bxa3 29.Nxb6 Nxb6
30.Rh5 Rc5 31.bxa3 Rxh5 32.Rb2 Rxh2 33.Qb3 Qc5 34.Qxb6 Qxb6 35.Rxb6 Rxf2+
36.Rb2 Rf1 37.Rh2 Rg1 38.Nf5 Rf1 39.e4 Re1 40.Rh4 Kc7 41.Rxh7 Rxe4 42.Rxf7+ Kc6
43.Rxf6+ Kc5 44.Rf8 b5 45.Rc8+ Kd5 46.g4 Rf4 47.Ne3+ Kd4 48.Nc2+ Ke4 49.Re8+  1-0

[Event "FIDE GP Beijing"]
[Site "Beijing CHN"]
[Date "2013.07.14"]
[Round "9.4"]
[White "Grischuk,A"]
[Black "Morozevich,A"]
[Result "1/2-1/2"]
[WhiteElo "2780"]
[BlackElo "2736"]

1.d4 d5 2.c4 c6 3.Nf3 Nf6 4.e3 Bf5 5.Nc3 e6 6.Nh4 Bg6 7.Qb3 Qc7 8.Nxg6 hxg6
9.g3 Be7 10.Bg2 Nbd7 11.O-O Rd8 12.Rd1 Nb6 13.c5 Nbd7 14.Qa4 a6 15.b4 Ng4
16.h3 Nh6 17.Rb1 Nf5 18.Qa5 Qc8 19.a4 O-O 20.b5 axb5 21.axb5 e5 22.Na2 exd4
23.exd4 Bf6 24.Bb2 Rfe8 25.Nb4 Nf8 26.Qa4 Ne7 27.Nc2 Qd7 28.Ne3 Ne6 29.Ng4 cxb5
30.Qb3 Nc6 31.Nxf6+ gxf6 32.Qxb5 f5 33.Bc3 Re7 34.Qd3 f4 35.h4 Ra8 36.Ra1 Rxa1
37.Rxa1 Ng7 38.Re1 Rxe1+ 39.Bxe1 Qe6 40.Bc3 fxg3 41.fxg3 Nh5 42.Bd2 Nf6 43.Bf3 Ne4
44.Bf4 Ne7 45.Qb5 Nf5 46.Qxb7 Nxd4 47.Bd1 Ng5 48.hxg5 Qe1+ 49.Kg2 Qxd1 50.Qa8+ Kh7
51.Qxd5 Qe2+ 52.Kh3 Qh5+ 53.Kg2 Qe2+ 54.Kh3 Qh5+ 55.Kg2 Qe2+ 56.Kh3  1/2-1/2

[Event "FIDE GP Beijing"]
[Site "Beijing CHN"]
[Date "2013.07.15"]
[Round "10.3"]
[White "Morozevich,A"]
[Black "Mamedyarov,S"]
[Result "1-0"]
[WhiteElo "2736"]
[BlackElo "2761"]

1.Nf3 Nf6 2.c4 g6 3.g3 Bg7 4.Bg2 O-O 5.d4 c6 6.O-O d5 7.Qb3 dxc4 8.Qxc4 Qd5
9.Nbd2 Qxc4 10.Nxc4 Be6 11.b3 Bd5 12.Ba3 Re8 13.Rac1 Nbd7 14.Na5 Rab8 15.Rfd1 Bf8
16.Ne5 Bxg2 17.Kxg2 e6 18.Bxf8 Kxf8 19.Nec4 Ke7 20.b4 Rec8 21.a3 g5 22.Nb2 Ne8
23.Nd3 f5 24.h4 g4 25.Nf4 Nef6 26.Rc2 Nd5 27.Nd3 Rf8 28.e3 Rfe8 29.Re1 N5f6
30.Rb1 Rec8 31.Rbc1 Rd8 32.a4 Ne4 33.b5 cxb5 34.Rc7 Nd6 35.Nc5 bxa4 36.Ncxb7 Nxb7
37.Nxb7 Rf8 38.R1c6 Rf7 39.Nc5 Ke8 40.Rxe6+ Kd8 41.Rec6  1-0

[Event "FIDE World Cup 2013"]
[Site "Tromso NOR"]
[Date "2013.08.11"]
[Round "1.16"]
[White "Sambuev,B"]
[Black "Morozevich,A"]
[Result "1-0"]
[WhiteElo "2524"]
[BlackElo "2739"]

1.d4 Nf6 2.c4 g6 3.Nc3 d5 4.cxd5 Nxd5 5.e4 Nxc3 6.bxc3 Bg7 7.Bc4 O-O 8.Ne2 c5
9.O-O Nc6 10.Be3 Qc7 11.Rc1 b6 12.h4 Bb7 13.h5 e6 14.hxg6 hxg6 15.Nf4 Na5
16.Bd3 e5 17.Nh3 Rad8 18.d5 c4 19.Bc2 Bc8 20.g4 Nb7 21.Kg2 Nd6 22.g5 Rfe8
23.Rh1 Kf8 24.Ng1 Ke7 25.Rh7 Rh8 26.Rxg7 Ne8 27.Rxf7+ Kxf7 28.f4 Kg8 29.Qf3 Qh7
30.Kf1 Ng7 31.Ke1 Rf8 32.Kd2 exf4 33.Bf2 Qh2 34.Rf1 Rh4 35.e5 Rg4 36.e6 Rxg5
37.Kc1 Bb7 38.Be4 Qh5 39.e7 Re8 40.d6 Qxf3 41.Nxf3 Bxe4 42.Nxg5 Bc6 43.Bd4 Nf5
44.Be5 Rc8 45.Rf2 Nh6 46.Rxf4 Bd7 47.Ne4 Bf5 48.Rh4 Ng4 49.Rh8+ Kf7 50.Ng5+  1-0

[Event "FIDE World Cup 2013"]
[Site "Tromso NOR"]
[Date "2013.08.12"]
[Round "2.16"]
[White "Morozevich,A"]
[Black "Sambuev,B"]
[Result "1-0"]
[WhiteElo "2739"]
[BlackElo "2524"]

1.c4 e6 2.Nf3 d5 3.d4 Nf6 4.Nc3 c5 5.cxd5 Nxd5 6.e4 Nxc3 7.bxc3 cxd4 8.cxd4 Bb4+
9.Bd2 Bxd2+ 10.Qxd2 O-O 11.Bc4 Nd7 12.O-O b6 13.Rfe1 Bb7 14.a4 Rc8 15.Bb5 Nb8
16.Rad1 Qd6 17.d5 e5 18.Qb2 f6 19.Nd2 Rfd8 20.h4 Rc5 21.Nc4 Qf8 22.Ne3 Ba6
23.Rd3 Bc8 24.Red1 Qd6 25.h5 Qf8 26.d6 Be6 27.d7 Bf7 28.h6 g6 29.Rd6 Qe7
30.a5 Be6 31.axb6 axb6 32.Ba4 b5 33.Bb3 Bxb3 34.Qxb3+ Qf7 35.Nd5 Kh8 36.Rxf6 Qg8
37.Qg3 Nxd7 38.Rd6 Qf8 39.Nf6 Rc1 40.Qd3 Rdc8 41.Nxd7 Qxh6 42.Nxe5 Qf4 43.Rd8+ Rxd8
44.Qxd8+ Kg7 45.Qe7+ Kg8 46.Rxc1 Qxc1+ 47.Kh2 Qf4+ 48.Kh3 Qxf2 49.Ng4  1-0

[Event "FIDE World Cup 2013"]
[Site "Tromso NOR"]
[Date "2013.08.14"]
[Round "2.1"]
[White "Morozevich,A"]
[Black "Leitao,R"]
[Result "1-0"]
[WhiteElo "2739"]
[BlackElo "2632"]

1.e4 c5 2.Nf3 e6 3.d4 cxd4 4.Nxd4 Nc6 5.Nb5 d6 6.Bf4 e5 7.Be3 a6 8.N5c3 Nf6
9.Nd2 Bg4 10.f3 Be6 11.Nc4 b5 12.Nb6 Rb8 13.Nbd5 Be7 14.a3 O-O 15.Bd3 b4
16.Nxb4 Nxb4 17.axb4 Rxb4 18.b3 a5 19.O-O d5 20.exd5 Bxd5 21.Kh1 Bc6 22.Bd2 Rd4
23.Ne2 Rd5 24.Qe1 e4 25.fxe4 Rxd3 26.Bxa5 Qd7 27.cxd3 Qxd3 28.Ng3 Qxb3 29.Nf5 Re8
30.Bc3 Nxe4 31.Bxg7 Bg5 32.Nd4 Qc4 33.Nxc6 Kxg7 34.Na5 Qe6 35.Qb4 Bf6 36.Rad1 Bc3
37.Qb5 Be5 38.Rd3 Rb8 39.Qa4 Qh6 40.h3 Ng3+ 41.Rxg3+ Bxg3 42.Nc6 Re8 43.Nd4 Qf6
44.Qb5 Qe5 45.Nf5+ Kh8 46.Qd7 Ra8 47.Nh6 Qf6 48.Nxf7+ Kg8 49.Nh6+ Kh8 50.Nf7+ Kg8
51.Qd1 Qe6 52.Nh6+ Kh8 53.Qd4+  1-0

[Event "FIDE World Cup 2013"]
[Site "Tromso NOR"]
[Date "2013.08.17"]
[Round "3.1"]
[White "Vitiugov,N"]
[Black "Morozevich,A"]
[Result "1/2-1/2"]
[WhiteElo "2719"]
[BlackElo "2739"]

1.d4 Nf6 2.c4 e6 3.Nc3 Bb4 4.Nf3 b6 5.e3 Bb7 6.Bd3 Bxc3+ 7.bxc3 d6 8.O-O O-O
9.Nd2 e5 10.e4 Nc6 11.Bb2 Re8 12.Re1 Na5 13.Qc2 Ba6 14.Rad1 Qd7 15.Bf1 c5
16.g3 Re7 17.Bc1 h6 18.d5 Nh7 19.f3 Rb8 20.Re3 Qe8 21.Rde1 Nf6 22.Qd1 Qd7
23.h3 Nh5 24.Kh2 Rf8 25.h4 Bc8 26.Qc2 f6 27.Nb3 Nb7 28.Qf2 Qa4 29.Kg1 f5
30.exf5 Bxf5 31.Qh2 Bg6 32.f4 Nf6 33.Qe2 Bh5 34.Qg2 Ng4 35.R3e2 Ref7 36.Rb2 Nd8
37.Bd3 Re7 38.Rbe2 Rfe8 39.Rf1 e4 40.Rxe4 Rxe4 41.Bxe4 Qxc4 42.Bf3 Qxc3 43.Qd2 Qxd2
44.Nxd2 Nf6 45.Bg2 Bf7 46.Nc4 Nb7 47.Ne3 h5 48.Rd1 b5 49.Bf1 c4 50.a4 a6
51.axb5 axb5 52.Bd2 Nc5 53.Nf5 Nce4 54.Bb4 Rd8 55.Bg2 g6 56.Ne7+ Kf8 57.Nc6 Ra8
58.Bxe4 Nxe4 59.Rd4 Nxg3 60.Bxd6+ Ke8 61.Rd1 Ra2 62.Bb4 Ne2+ 63.Kf1 Ng3+
64.Kg1 Rb2 65.Re1+ Ne2+ 66.Kf1 Bxd5 67.Bc3 Rb1 68.Rxb1 Nxc3 69.Re1+ Kd7 70.Nb4 Kd6
71.Re5 Kc5 72.Na6+ Kd4 73.Ke1 Bc6 74.Nb4 Be4 75.Kd2 Nd5 76.Nc6+ Kc5 77.Rxe4 Kxc6
78.Re6+ Kc5 79.Rxg6 b4 80.f5 b3 81.f6 c3+ 82.Kc1 Nf4 83.Rg1 Kd6 84.Rf1 Nd3+
85.Kd1 c2+ 86.Kd2 c1=Q+ 87.Rxc1 Nxc1 88.Kxc1 Ke6 89.Kb2 Kxf6 90.Kxb3 Kf5
91.Kc2 Kg4 92.Kd2 Kxh4 93.Ke2 Kg3 94.Kf1 h4 95.Kg1 h3 96.Kh1 h2  1/2-1/2

[Event "FIDE World Cup 2013"]
[Site "Tromso NOR"]
[Date "2013.08.18"]
[Round "3.2"]
[White "Morozevich,A"]
[Black "Vitiugov,N"]
[Result "1/2-1/2"]
[WhiteElo "2739"]
[BlackElo "2719"]

1.e4 c5 2.Nf3 e6 3.d4 cxd4 4.Nxd4 Nc6 5.Nc3 Qc7 6.g3 a6 7.Bg2 Nf6 8.O-O h5
9.Nf3 Ng4 10.Bf4 d6 11.Bg5 Nge5 12.a4 Bd7 13.h3  1/2-1/2

[Event "FIDE World Cup 2013"]
[Site "Tromso NOR"]
[Date "2013.08.19"]
[Round "3.5"]
[White "Morozevich,A"]
[Black "Vitiugov,N"]
[Result "1/2-1/2"]
[WhiteElo "2739"]
[BlackElo "2719"]

1.c4 e5 2.Nc3 Nf6 3.Nf3 Nc6 4.d3 Bb4 5.Bd2 O-O 6.e3 Re8 7.Be2 Bxc3 8.Bxc3 d5
9.cxd5 Nxd5 10.Qb3 Nxc3 11.Qxc3 Bg4 12.O-O Qd6 13.h3 Be6 14.a3 a5 15.Rac1 Bd5
16.Qc5 h6 17.Qb5 Rab8 18.Rc3 Be6 19.Rfc1 Bd7 20.Qc4 Qg6 21.Qh4 Rbd8 22.Nd2 Bf5
23.Ne4 Bxe4 24.Qxe4 Qxe4 25.dxe4 Rd2 26.R1c2 Red8 27.Kf1 Kf8 28.Ke1 Rxc2
29.Rxc2 f6 30.h4 Ke7 31.Bb5 Rb8 32.Bxc6 bxc6 33.Rxc6 Kd7 34.Rc2 h5 35.Kd2 g5
36.hxg5 fxg5 37.Kc3 h4 38.f3 a4 39.Rd2+ Ke6 40.Kc2 Rg8 41.b3 axb3+ 42.Kxb3 g4
43.a4 h3 44.gxh3 gxf3 45.a5 Rg2 46.Rd1 Re2 47.a6 Rxe3+ 48.Kb2 Re2+ 49.Kb3 Re3+
50.Kb2 Rxe4 51.Ra1 Rb4+ 52.Kc3 Rb8 53.a7 Ra8 54.Kd3 e4+ 55.Kxe4 f2 56.Rf1  1/2-1/2

[Event "FIDE World Cup 2013"]
[Site "Tromso NOR"]
[Date "2013.08.19"]
[Round "3.4"]
[White "Morozevich,A"]
[Black "Vitiugov,N"]
[Result "1/2-1/2"]
[WhiteElo "2739"]
[BlackElo "2719"]

1.e4 c5 2.Nf3 e6 3.d4 cxd4 4.Nxd4 Nc6 5.Nb5 d6 6.Bf4 e5 7.Be3 Nf6 8.Bg5 Be6
9.Bxf6 gxf6 10.Nd2 a6 11.Nc3 f5 12.exf5 Bxf5 13.Nd5 Bg7 14.Nc4 O-O 15.c3 Be6
16.a4 Rb8 17.g3 Kh8 18.Bg2 f5 19.O-O e4 20.f3 exf3 21.Bxf3 Ne5 22.Nce3 Nxf3+
23.Rxf3 Qg5 24.Qd3 Bd7 25.Raf1 Be5 26.Nxf5 Bxa4 27.Nd4 Qh6 28.Ne3 Bd7 29.Qe4 Rxf3
30.Rxf3 Qg6 31.Nef5 b5 32.Kg2 Bc8 33.Nc6 Bb7 34.Qd5 Qe8 35.Nfe7 Rc8 36.Nxc8 Qxc8
37.Ne7 Bxd5 38.Nxc8 a5 39.Nb6 Bxf3+ 40.Kxf3 Kg8 41.Ke4 Kf7 42.Nd5 Bg7 43.Kd3 Kg6
44.b4 axb4 45.cxb4 Kf5 46.Nc7 Kg4 47.Nxb5 d5 48.Nd4 Kh3 49.Nf3 Kg2 50.Ke3 Bf8
51.b5 Bc5+ 52.Kf4 Bd6+ 53.Ke3 Bc5+ 54.Ke2 h5 55.Nh4+ Kxh2 56.Nf5 Kg2 57.Ng7 Kxg3
58.Nxh5+ Kg4 59.Nf6+ Kf5 60.Nxd5 Ke5  1/2-1/2

[Event "FIDE World Cup 2013"]
[Site "Tromso NOR"]
[Date "2013.08.19"]
[Round "3.7"]
[White "Morozevich,A"]
[Black "Vitiugov,N"]
[Result "1/2-1/2"]
[WhiteElo "2739"]
[BlackElo "2719"]

1.c4 e5 2.Nc3 Bb4 3.Qb3 a5 4.Nd5 Nc6 5.g3 Nf6 6.Bg2 O-O 7.e3 Nxd5 8.cxd5 Ne7
9.Ne2 c6 10.a3 Bd6 11.Nc3 cxd5 12.Nxd5 Nxd5 13.Qxd5 Qb6 14.O-O Qc5 15.d3 Qxd5
16.Bxd5 a4 17.Bd2 Ra6 18.Rac1 b5 19.Bb4 Bxb4 20.axb4 d6 21.f4 exf4 22.Rxf4 Be6
23.Rd4 h6 24.Rc3 Re8 25.e4 g6 26.Kf2 Kg7 27.Ke3 Kf6 28.Rc7 Rb8 29.Kf4 g5+
30.Ke3 Rc8 31.Rb7 Rc2 32.Bxe6 fxe6 33.Rxb5 Rxb2 34.Ra5 Rc6 35.Rxd6 Rxd6 36.e5+ Ke7
37.exd6+ Kxd6 38.Rxa4 Rxh2  1/2-1/2

[Event "FIDE World Cup 2013"]
[Site "Tromso NOR"]
[Date "2013.08.19"]
[Round "3.8"]
[White "Vitiugov,N"]
[Black "Morozevich,A"]
[Result "0-1"]
[WhiteElo "2719"]
[BlackElo "2739"]

1.d4 Nf6 2.c4 e6 3.Nc3 Bb4 4.e3 O-O 5.Ne2 d5 6.cxd5 exd5 7.g3 c6 8.Bg2 Re8
9.O-O Na6 10.Nf4 Bd6 11.f3 Bxf4 12.exf4 c5 13.g4 Nb4 14.dxc5 Qa5 15.a3 Qxc5+
16.Kh1 Nc6 17.g5 Nh5 18.Qxd5 Qb6 19.f5 Re5 20.Qd1 Rxf5 21.f4 g6 22.Nd5 Qd8
23.Be3 Be6 24.Nc3 Bc4 25.Qxd8+ Rxd8 26.Rf2 Re8 27.Bd2 h6 28.Ne4 Rd8 29.gxh6 Nf6
30.Bc3 Nxe4 31.Bxe4 Bd5 32.Bxd5 Rdxd5 33.Re1 Kh7 34.Re8 f6 35.Re6 Nd4 36.Re7+ Kxh6
37.Kg2 Nb5 38.Bb4 g5 39.Rxb7 Kg6 40.Bf8 Rxf4 41.Rxf4 gxf4 42.a4 Nd4 43.Rxa7 Rg5+
44.Kf2 Rh5 45.Rg7+ Kf5 46.Bd6 Rxh2+ 47.Rg2 Rh3 48.Bc5 Ne6 49.b4 Ra3 50.a5 Nxc5
51.bxc5 Rxa5 52.Rh2 Ke4 53.Rh5 f5 54.Rh8 Ra2+ 55.Ke1 Rc2 56.Rc8 f3 57.c6 f2+  0-1

[Event "FIDE World Cup 2013"]
[Site "Tromso NOR"]
[Date "2013.08.19"]
[Round "3.3"]
[White "Vitiugov,N"]
[Black "Morozevich,A"]
[Result "1/2-1/2"]
[WhiteElo "2719"]
[BlackElo "2739"]

1.d4 Nf6 2.c4 e6 3.Nc3 Bb4 4.e3 c5 5.Ne2 cxd4 6.exd4 O-O 7.a3 Be7 8.Nf4 d5
9.cxd5 Nxd5 10.Ncxd5 exd5 11.Bd3 Nc6 12.O-O Bf6 13.Be3 g6 14.Bc2 Qd6 15.Qd2 Bd7
16.b4 Ne7 17.Bb3 Rac8 18.a4 b6 19.b5 Bg7 20.Nd3 Nf5 21.Bf4 Qe7 22.Rfe1 Be6
23.Ne5 Rfe8 24.Nc6 Qd7 25.Be5 f6 26.Bf4 a5 27.h3 Bf8 28.Rac1 Bf7 29.Qd3 Ba3
30.Rcd1 Bd6 31.Qd2 Ne7 32.Nxe7+ Rxe7 33.Rxe7 Qxe7 34.Bxd6 Qxd6  1/2-1/2

[Event "FIDE World Cup 2013"]
[Site "Tromso NOR"]
[Date "2013.08.19"]
[Round "3.6"]
[White "Vitiugov,N"]
[Black "Morozevich,A"]
[Result "1/2-1/2"]
[WhiteElo "2719"]
[BlackElo "2739"]

1.d4 Nf6 2.c4 e6 3.Nc3 Bb4 4.e3 O-O 5.Ne2 d5 6.cxd5 exd5 7.g3 c6 8.Bg2 Na6
9.O-O Re8 10.Nf4 Bd6 11.Nd3 Nb4 12.Ne1 Bf5 13.a3 Na6 14.f3 h6 15.g4 Bh7 16.h3 Nc7
17.Nd3 b6 18.f4 Ne4 19.f5 Qh4 20.Nf4 Ng5 21.Nce2 h5 22.Qe1 Qxe1 23.Rxe1 hxg4
24.hxg4 Re7 25.Bd2 Ne8 26.Rac1 Rc7 27.Bb4 Rac8 28.b3 Bxb4 29.axb4 Nf6 30.b5 Nxg4
31.Ng3 cxb5 32.Rxc7 Rxc7 33.Nxd5 Rc2 34.e4 Kf8 35.e5 Ke8 36.Nh5 Rd2 37.Nxg7+ Kf8
38.e6 fxe6 39.Nxe6+ Nxe6 40.fxe6 Bg6 41.e7+ Kg7 42.Nc7 Nf6 43.d5 Ne8 44.Nxe8+ Bxe8
45.Rf1 Bf7 46.Bf3 a5 47.Ra1 Kf6 48.Re1 a4 49.bxa4 bxa4 50.Re6+ Kf5 51.Be4+ Kg5
52.Rg6+ Kh4 53.Rg2 Rxg2+ 54.Kxg2 a3 55.d6 a2 56.d7 a1=Q 57.d8=Q Qb2+ 58.Kf3 Qf6+
59.Ke3 Qc3+ 60.Bd3 Qe5+ 61.Kd2 Qf4+ 62.Kc3 Qc1+ 63.Bc2 Qa3+ 64.Kd2 Qb4+ 65.Kc1 Qe1+
66.Kb2 Qb4+ 67.Kc1  1/2-1/2

[Event "FIDE World Cup 2013"]
[Site "Tromso NOR"]
[Date "2013.08.20"]
[Round "4.1"]
[White "Morozevich,A"]
[Black "Tomashevsky,E"]
[Result "1/2-1/2"]
[WhiteElo "2739"]
[BlackElo "2706"]

1.c4 e5 2.Nc3 Nf6 3.Nf3 Nc6 4.d3 g6 5.g3 Bg7 6.Bg2 d6 7.O-O O-O 8.Rb1 a5
9.b3 h6 10.Bb2 Re8 11.h3 Be6 12.e4 Nd7 13.Nb5 Nc5 14.d4 exd4 15.Nfxd4 Bd7
16.Nxc6 Bxc6 17.Bxg7 Kxg7 18.Qd4+ Kh7 19.Rfe1 Re7 20.Re3 Qh8 21.Qd2 Bxb5
22.cxb5 b6 23.Rbe1 Rae8 24.a3 Ne6 25.b4 axb4 26.axb4 Qe5 27.Bf1 Qd4 28.Rd3 Qg7
29.Bg2 Kh8 30.h4 g5 31.hxg5 Nxg5 32.Rde3 Nh7 33.Rc1 Nf6 34.Qd4 Rg8 35.Rec3 Ne8
36.Qd3 Qf6 37.Bf3 Re5 38.Kg2 Reg5 39.Rh1 Kg7 40.Rcc1 Kf8 41.Be2 Qf4 42.Rc4 R8g6
43.Rh3 Rf6 44.Qd4 Qe5 45.Qe3 Ng7 46.Kh1 d5 47.Rd4 dxe4 48.Rxe4  1/2-1/2

[Event "FIDE World Cup 2013"]
[Site "Tromso NOR"]
[Date "2013.08.21"]
[Round "4.2"]
[White "Tomashevsky,E"]
[Black "Morozevich,A"]
[Result "1/2-1/2"]
[WhiteElo "2706"]
[BlackElo "2739"]

1.d4 Nf6 2.c4 g6 3.Nc3 Bg7 4.e4 d6 5.h3 Nbd7 6.Nge2 e5 7.g3 O-O 8.Bg2 c6
9.O-O a6 10.d5 cxd5 11.cxd5 b5 12.a3 Nb6 13.b3 Nh5 14.a4 b4 15.a5 Nd7 16.Na2 Qxa5
17.Bd2 Qb6 18.Nxb4 Bb7 19.Nc6 Bxc6 20.Ba5 Qb7 21.dxc6 Qxc6 22.Rc1 Qb5 23.b4 Rfc8
24.Nc3 Qb7 25.Qxd6 Bf8 26.Qd5 Qa7 27.Qd3 Bh6 28.Rcd1 Nb6 29.Bxb6 Qxb6 30.Nd5 Qe6
31.h4 Kg7 32.Kh2 Rc6 33.Bh3 Qe8 34.b5 axb5  1/2-1/2